Score 0/16 Timer 03:00
1 Play Today
Film Missing Word % Correct
To Kill a _____Mockingbird
96.6%
Legally _____Blonde
95.5%
A Few _____ MenGood
94.5%
_____ BrockovichErin
90.9%
My _____ VinnyCousin
87.4%
12 _____ MenAngry
82.8%
In the _____ of the FatherName
82.5%
Rules of _____Engagement
78.7%
Film Missing Word % Correct
_____ vs. _____Kramer
77.7%
A _____ to KillTime
67.8%
Double _____Jeopardy
63.6%
Runaway _____Jury
62%
_____ for the ProsecutionWitness
52.9%
_____ of a MurderAnatomy
42.4%
The _____ and Daniel WebsterDevil
37.7%
_____ the WindInherit
28.9%

Today's Daily Dose

Missing Word
'Song' Songs (A-Z)

Word Ladder
Nervous System

Get the Picture
NFL Bird Teams

Remove Ads.
Support Sporcle.
Get the best of Sporcle when you Go Orange. This ad-free experience offers more features, more stats, and more fun while also helping to support Sporcle. Thank you for becoming a member.

You're not logged in!

Compare scores with friends on all Sporcle quizzes.
OR
Log In

Sporcle TV

Today on Sporcle TV


Watch our educational content, quiz creation guides, and fun videos on Sporcle TV.

Show Comments

Extras

Top Quizzes Today


Score Distribution

Paid Content

Your Account Isn't Verified!

In order to create a playlist on Sporcle, you need to verify the email address you used during registration. Go to your Sporcle Settings to finish the process.

Report this User

Report this user for behavior that violates our Community Guidelines.

Details: